000 00501nam a2200193Ia 4500
003 OSt
005 20220926044754.0
006 a|||||r|||| 00| 0
007 ta
008 220923b |||||||| |||| 00| 0 eng d
037 _cGeneral Book
040 _aRTL
_cRTL
_beng
041 _2eng
_aeng
082 _aE.56124sN50<--N38, J2.88
245 0 _aAnnual abstract of statistics
260 _c1952
942 _hE.56124sN50<--N38, J2.88
_cGB
_2CC
999 _c675786
_d675786